| 000 | 00710nam a2200205 i 4500 | ||
|---|---|---|---|
| 999 |
_c7434 _d7434 |
||
| 003 | OSt | ||
| 005 | 20211124130016.0 | ||
| 008 | 180608s2018 sp ||| ||| 001 0 cat d | ||
| 020 | _a9788416689644 | ||
| 040 |
_aES-VaUB _bcat _cCDMR |
||
| 100 |
_aAleksiévitx, Svetlana, 1948- _94735 |
||
| 245 | 1 | 3 |
_aLa guerra no té cara de dona / _cSvetlana Aleksiévitx ; traduït per Miquel Cabal Guarro |
| 260 |
_aBarcelona : _bRaig Verd, _c2018 |
||
| 300 |
_a412 pàgines ; _c21 cm |
||
| 490 | 0 |
_aCiclogènesi ; _v12 |
|
| 500 | _aPremi Nobel de Literatura 2015 | ||
| 650 | 0 | 0 |
_aGuerra Mundial II, 1939-1945 _xDones _93587 _vRelats personals _zUnió Soviètica |
| 650 | 0 | 0 |
_aReportatges literaris _9797 |
| 942 |
_2udc _cMON |
||